La seule métropole finissant par... #3 - Statistiques

Statistiques générales
  • Ce quiz a été pris 41 fois
  • Le résultat moyen est 5 sur 18
Statistiques - réponses
Terminaisons Pays Population Ville % Correct
...wn Sierra Leone 1 274 000 Freetown
86%
...rs Belgique 1 053 000 Anvers
81%
...ek Kyrghizistan 1 083 000 Bichkek
76%
...we Malawi 1 224 000 Lilongwe
73%
...od Russie 1 253 000 Nijni Novgorod
41%
...ej Russie 1 077 000 Voronej
32%
...bu Philippines 1 010 000 Cebu
30%
...rm Russie 1 079 000 Perm
30%
...ns Etats-Unis 1 005 000 La Nouvelle-Orléans
22%
...vu République Démocratique du Congo 1 192 000 Bukavu
16%
...uk Irak 1 053 000 Kirkuk
11%
...ce Etats-Unis 1 201 000 Providence
11%
...vi Bénin 1 192 000 Abomey-Calavi
8%
...rd Etats-Unis 1 010 000 Hartford
5%
...wi Nigeria 1 180 000 Nnewi
5%
...ji Chine 1 231 000 Baoji
3%
...ui Chine 1 185 000 Liupanshui
3%
...he Chine 1 151 000 Luohe
0%
Aucun quiz correspondant
Distribution des résultats
% des personnes avec chaque résultat
Percentile par nombre de réponses
Votre historique - résultats
Vous n’avez pas pris ce quiz